Mask By Dream Lyrics - Statistics

General Stats
  • This quiz has been taken 204 times
  • The average score is 207 of 291
Answer Stats
Answer % Correct
a
100%
i
100%
is
98%
mask
98%
the
96%
what
96%
of
92%
smile
92%
wear
92%
im
90%
my
90%
on
90%
with
90%
and
88%
for
88%
hours
88%
time
88%
ask
86%
at
86%
can
86%
me
86%
point
86%
that
86%
when
86%
fine
84%
how
84%
just
84%
stare
84%
they
84%
doing
82%
mind
82%
say
82%
so
82%
thats
82%
but
80%
while
80%
you
80%
fact
78%
whats
78%
back
76%
ceiling
76%
hold
76%
see
74%
all
72%
get
72%
mattress
72%
tryin
72%
off
70%
sad
70%
cryin
68%
go
68%
kid
68%
are
66%
why
66%
smilin
64%
good
62%
never
62%
keep
60%
wont
58%
it
56%
long
56%
by
52%
ive
52%
been
50%
bein
50%
ill
50%
its
50%
real
46%
to
40%
wearin
40%
in
38%
need
38%
terrifying
38%
yeah
38%
glasses
34%
carin
32%
classes
32%
failing
32%
keeps
32%
pilin
32%
faces
30%
help
30%
judged
30%
strange
30%
think
30%
always
28%
bunch
28%
much
28%
okay
28%
havent
26%
outside
26%
seen
26%
ages
24%
bitch
24%
light
24%
scared
24%
this
24%
too
24%
comparin
22%
smiling
22%
could
20%
okayish
20%
pass
20%
myself
18%
places
18%
wish
18%
really
12%
No matching quizzes found
Score Distribution
Percent of People with Each Score
Percentile by Number Answered
Your Score History
You have not taken this quiz